LEADER 01415nam 2200409 450 001 000017102 005 20060523181828.0 010 $a0-12-182190-0 011 $a0076-6879 100 $a20031211d1997----km-y0itay0103----ba 101 0 $aeng 102 $aUS 200 1 $aSolid-phase peptide synthesis$fedited by Gregg B. Fields 210 $aSan Diego...[etc.]$cAcademic Press$dc1997 215 $aXXXI, 780 p.$cill.$d24 cm 225 2 $aMethods in enzymology$v289 410 1$12001$aMethods in enzymology$v289 606 1 $aPeptidi$xBiosintesi 676 $a572.68$v(21. ed.)$9Biochimica. Proteine coniugate 702 1$aFields,$bGregg B. 801 0$aIT$bUniversità della Basilicata - B.I.A.$gRICA$2unimarc 912 $a000017102 996 $aSolid-phase peptide synthesis$984879 997 $aUNIBAS BAS $aAGRARIA CAT $aSTD031$b01$c20031211$lBAS01$h1527 CAT $c20050601$lBAS01$h1756 CAT $abatch$b01$c20050718$lBAS01$h1053 CAT $c20050718$lBAS01$h1112 CAT $c20050718$lBAS01$h1142 CAT $c20050718$lBAS01$h1156 CAT $aSTD042$b00$c20051130$lBAS01$h1249 CAT $aTTM$b30$c20060405$lBAS01$h1458 CAT $aTTM$b30$c20060405$lBAS01$h1533 CAT $aTTM$b30$c20060523$lBAS01$h1818 FMT Z30 -1$lBAS01$LBAS01$mBOOK$1BASA2$APolo Tecnico-Scientifico$2DID$BDidattica$3PTS$684867$5A84867$820051130$f98$FConsultazione LEADER 01254nas 2200397 c 450 001 9910892566903321 005 20260218111139.0 035 $a(DE-599)ZDB3158699-5 035 $a(OCoLC)1411701552 035 $a(DE-101)1290436398 035 $a(CKB)5690000000159475 035 $a(DE-599)3158699-5 035 $a(EXLCZ)995690000000159475 100 $a20230524a20199999 |y | 101 0 $amay 135 $aur||||||||||| 181 $ctxt$2rdacontent 182 $cc$2rdamedia 183 $acr$2rdacarrier 200 00$aStatistik ekonomi tahunan$e= Annual economic statistics$h[...]$iPerkhidmatan persendirian dan lain-lain aktiviti = Personal services and other activities$fJabatan Perangkaan Malaysia 210 31$aPutrajaya, Malaysia$cJabatan Perangkaan Malaysia$dMac 2019- 215 $aOnline-Ressource 300 $aGesehen am 24.05.2023 311 08$a2672-703X 517 1 $aAnnual economic statistics 608 $aZeitschrift$2gnd-content 608 $aStatistik$2gnd-content 676 $a330 712 02$aMalaysia$bJabatan Perangkaan$4isb 801 0$b0206 801 1$bDE-101 801 2$b9999 906 $aJOURNAL 912 $a9910892566903321 996 $aStatistik ekonomi tahunan$94244562 997 $aUNINA